| 000 | 00608nam a22002057a 4500 | ||
|---|---|---|---|
| 003 | OSt | ||
| 005 | 20170214152217.0 | ||
| 008 | 170214b xxu||||| |||| 00| 0 eng d | ||
| 020 | _a978184454716 | ||
| 040 | _c040a | ||
| 082 |
_aWY 18 _bS528p 2011 |
||
| 100 |
_aStarkings, Susan _911565 |
||
| 245 |
_aPassing calculations tests for nursing students / _cSusan Starkings, Larry Krause |
||
| 260 |
_aLos Angeles _bSage _c2011 |
||
| 300 |
_avi,122p; _bill : _c14cm. |
||
| 504 | _aIncludes index | ||
| 650 |
_aCalculation tests for nursing students _911566 |
||
| 700 |
_aKrause, Larry _911567 |
||
| 942 |
_2z _cO_SHELF |
||
| 999 |
_c5544 _d5544 |
||